Regióny oživia zahraniční investori Premiér M. Dzurinda na pracovnej ceste na východe Slovenska

Bibliographic Details
Main Author: Hutňan, Marián (Author)
Corporate Author: U.S.Steel (Košice, Slovensko) (Author)
Format: Article
Language:Slovak
Subjects:

MARC

LEADER 00000nab a2200000 a 4500
001 vtls000927473
003 SK-MaSNL
005 20260303200924.0
008 140301e20011127xo 0 slo
035 |a KE36350 
040 |a KEVKJB  |b slo  |c KEVKJB  |e AACR2 
041 0 |a slo 
044 |a xo  |c SK 
080 |a 669.1  |2 1981 
100 1 |a Hutňan, Marián  |4 aut  |9 838495 
245 1 0 |a Regióny oživia zahraniční investori  |b Premiér M. Dzurinda na pracovnej ceste na východe Slovenska 
600 1 7 |a Dzurinda, Mikuláš,  |d 1955-  |2 KEVKJB  |9 192399 
610 2 7 |a Východoslovenské železiarne (Košice, Slovensko)  |2 KEVKJB 
610 2 7 |a U. S. Steel (Košice, Slovensko)  |2 KEVKJB  |9 656260 
650 0 7 |a pracovné návštevy  |2 KEVKJB  |9 69996 
651 7 |a Košice (Slovensko)  |2 KEVKJB  |9 18694 
710 2 |a U.S.Steel (Košice, Slovensko)  |4 aut  |9 877338 
773 0 8 |t Hospodárske noviny, č.229, 27.11.2001, s. 1,3 
852 |a ZVYKNI  |b KIS3GCP 
999 |c 2170612  |d 2172542